• 首页
  • 本馆介绍
  • 公告通知
  • 最新文献
  • 馆藏检索
  • 电子资源
  • 读者导购
  • 参考咨询
  • 我的图书馆
  • 登录
  • 详细信息显示
  • 放入我的书架
  • 预约/预借图书
  • 作者相关作品
  • 分类相关作品
  • 丛书相关作品
  • 出版社相关作品

书目信息

  • 表格格式
  • 工作单格式
  • 卡片格式
题名:
证券投资学
    
 
作者: 王晓芳 许祥秦 编著
分册:  
出版信息: 北京   北京大学出版社  2007
页数: 294
开本: 21cm
丛书名:
单 册:
中图分类: F830.53
科图分类:
主题词: 金融 , 银行
电子资源:
ISBN: 978-7-301-11225-0
000 00582nam0 2200193 450
001 0760515518
005 20070817164835.51
010    @a978-7-301-11225-0@d¥29.00
100    @a20070817d km y0chiy0120 ea
101 0  @achi
200 1  @a证券投资学@Azheng quan tou zi xue@f王晓芳 许祥秦编著@Fwang xiao fang xu xiang qin bian zhu
210    @a北京@c北京大学出版社@d2007
215    @a294@d21cm
606 0  @a金融
606 0  @a银行
690    @aF830.53@v3
701  0 @a王晓芳 许祥秦@Awang xiao fang xu xiang qin@4编著
801  0 @aCN@bPFT@c20070817
905    @a213230@dF830.53@eg59@f1
    
    证券投资学/王晓芳 许祥秦编著.-北京:北京大学出版社,2007
    294;21cm
    
    
    ISBN 978-7-301-11225-0:¥29.00
    
●
相关链接 在E读中查询图书 在五车中查询图书 在当当中查询图书 在豆瓣中查询图书


正题名:证券投资学     索取号:F830.53/g59         预约/预借

序号 登录号 条形码 馆藏地/架位号 状态 备注
1 6503030   265030307   密集书库-海洋学院/ [索取号:F830.53/g59] 在馆    
2 6503031   265030316   密集书库-海洋学院/ [索取号:F830.53/g59] 在馆    
唐山师范学院图书馆 欢迎您!
大连网信软件有限公司© 版权所有